MARC details
| 000 -LEADER |
| campo de control de longitud fija |
01548nam a22003017a 4500 |
| 003 - IDENTIFICADOR DE NÚMERO DE CONTROL |
| campo de control |
OSt |
| 005 - FECHA Y HORA DE LA ÚLTIMA TRANSACCIÓN |
| campo de control |
20230503171847.0 |
| 008 - DATOS DE LONGITUD FIJA--INFORMACIÓN GENERAL |
| campo de control de longitud fija |
221006b |||||||| |||| 00| 0 eng d |
| 040 ## - FUENTE DE CATALOGACIÓN |
| Centro/agencia transcriptor |
Biblioteca Lado V |
| 082 ## - NÚMERO DE LA CLASIFICACIÓN DECIMAL DEWEY |
| Número de clasificación |
709.05 |
| Número de ítem |
R643f |
| 100 ## - ENTRADA PRINCIPAL--NOMBRE DE PERSONA |
| 9 (RLIN) |
825 |
| Nombre de persona |
Roberts, James |
| Término indicativo de función/relación |
editor |
| 245 ## - MENCIÓN DEL TÍTULO |
| Título |
Frieze/ |
| Resto del título |
Contemporary Art And Culture/ |
| 260 ## - PUBLICACIÓN, DISTRIBUCIÓN, ETC. |
| Nombre del editor, distribuidor, etc. |
Durian Publications Ltd. |
| Lugar de publicación, distribución, etc. |
Inglaterra |
| Fecha de publicación, distribución, etc. |
2005 |
| 300 ## - DESCRIPCIÓN FÍSICA |
| Dimensiones |
23x30cm |
| Extensión |
152p. |
| 366 ## - INFORMACIÓN SOBRE DISPONIBILIDAD COMERCIAL |
| Nota |
eng |
| 490 ## - MENCIÓN DE SERIE |
| Mención de serie |
93 |
| Designación de volumen o secuencia |
2005 |
| 505 ## - NOTA DE CONTENIDO CON FORMATO |
| Título |
FONT |
| Nota de contenido con formato |
State of the Art<br/><br/>Letters<br/><br/>View from the bridge<br/><br/>Laughter tears<br/><br/>Informant<br/><br/>Debate<br/><br/>Books<br/><br/>Film<br/><br/>Events<br/><br/>Technology |
| 505 ## - NOTA DE CONTENIDO CON FORMATO |
| Título |
BACK |
| Nota de contenido con formato |
REVIEWS<br/><br/>John Baldessari<br/><br/>Folk Archive<br/><br/>Barry McGee<br/><br/>The Invisible Insurrection of Million Minds<br/><br/>Enrico David<br/><br/>Mike Bouchet<br/><br/>Be What you want but stay where you are<br/><br/>Rachel Harrison<br/><br/>Dionysiac<br/><br/>George Herold<br/><br/>Jeff Wall<br/><br/>Daniel Sinsel<br/><br/>Cildo Meireles<br/><br/>Lucio Nogueria<br/><br/>Will Rogan<br/><br/>Icestorn<br/><br/>Steven Claydon<br/><br/>Tim Hawkinson<br/><br/>Clegg & Guttmann<br/><br/>Jordan Baseman<br/><br/>From the Archives |
| 505 ## - NOTA DE CONTENIDO CON FORMATO |
| Título |
BACK |
| 650 ## - PUNTO DE ACCESO ADICIONAL DE MATERIA--TÉRMINO DE MATERIA |
| Fuente del encabezamiento o término |
Tesauro de Arte & Arquitectura |
| Término de materia o nombre geográfico como elemento de entrada |
ARTE |
| 9 (RLIN) |
703 |
| 650 ## - PUNTO DE ACCESO ADICIONAL DE MATERIA--TÉRMINO DE MATERIA |
| Fuente del encabezamiento o término |
Tesauro de Arte & Arquitectura |
| Término de materia o nombre geográfico como elemento de entrada |
EXPOSICIONES |
| 650 ## - PUNTO DE ACCESO ADICIONAL DE MATERIA--TÉRMINO DE MATERIA |
| Fuente del encabezamiento o término |
Tesauro de Arte & Arquitectura |
| Término de materia o nombre geográfico como elemento de entrada |
CULTURA |
| 650 ## - PUNTO DE ACCESO ADICIONAL DE MATERIA--TÉRMINO DE MATERIA |
| Fuente del encabezamiento o término |
Tesauro de Arte & Arquitectura |
| Término de materia o nombre geográfico como elemento de entrada |
APRECIACION |
| 650 ## - PUNTO DE ACCESO ADICIONAL DE MATERIA--TÉRMINO DE MATERIA |
| Fuente del encabezamiento o término |
Tesauro de Arte & Arquitectura |
| Término de materia o nombre geográfico como elemento de entrada |
TEORIA |
| 650 ## - PUNTO DE ACCESO ADICIONAL DE MATERIA--TÉRMINO DE MATERIA |
| Fuente del encabezamiento o término |
Tesauro de Arte & Arquitectura |
| Término de materia o nombre geográfico como elemento de entrada |
ARTE CONTEMPORANEO |
| 650 ## - PUNTO DE ACCESO ADICIONAL DE MATERIA--TÉRMINO DE MATERIA |
| Fuente del encabezamiento o término |
Tesauro de Arte & Arquitectura |
| Término de materia o nombre geográfico como elemento de entrada |
INGLATERRA |
| 942 ## - ELEMENTOS DE ENTRADA SECUNDARIOS (KOHA) |
| Fuente del sistema de clasificación o colocación |
Clasificación Decimal Dewey |
| Tipo de ítem Koha |
Libros |
| Parte de la signatura que corresponde a la clasificación (Parte de la clasificación) |
709.05 |
| Parte de la signatura que identifica el ejemplar (Parte del ítem) |
R643f |
| Suprimir en OPAC |
No |